000 01500nam2a22002411 4500
001 rc\3537751
005 20250610015317.0
035 _a(NLR Aleph) 007632138
090 _a6034714
_c6034714
100 _a20130115d1973 |||y0rusy50 ca
101 0 _arus
102 _aRU
105 _ay z |||||
200 0 _a2
210 _d1973
_aБ. м.
215 _a42 с.
333 _aДСП. Экз. № 150
461 0 _1001rc\3537749
_12001#$aТезисы докладов$e1-$fГеогр. о-во СССР. М-во высш. и сред. спец. образ. СССР. АН ГССР. Пятая Всесоюз. конф. по темат. картографии "Применение картограф. метода в науч. исследованиях и на практике". Тбилиси. 1, 2, 3 февр. 1973 г.$v2
_96034697
_aВсесоюзная конф. по тематической картографии (5; 1973; Тбилиси)
_cТбилиси
_d1973
_fГеогр. о-во СССР. М-во высш. и сред. спец. образ. СССР. АН ГССР. Пятая Всесоюз. конф. по темат. картографии "Применение картограф. метода в науч. исследованиях и на практике". Тбилиси. 1, 2, 3 февр. 1973 г.
_nИзд-во ТГУ
_o1-
_tТезисы докладов
_v2
801 0 _aRU
_bNLR
_gpsbo
801 1 _aRU
_bELAR
_2rusmarc
852 _aNLR
_j77-50к/1668
942 _cBOOK
980 _aNB